000 00790nam a2200301Ia 4500
001 Para_9840
003 CHAP
008 220125s1997 xx 000 0 und d
010 _a208500
020 _a978-0-471-16184-4
040 _cCHAP
082 _aPA 595.705 P75
100 _aPrice, Peter W.
_991584
245 _aInsect Ecology /
_c Peter W. Price
250 _a3
260 _aUSA :
_b John Wiley & Sons, Inc.
300 _a874 p.
500 _aIncluye referencias bibliografícas
650 _aEcosistema
_x Parasito
_9174935
650 _aInsecta
_x Ecología
_9174936
901 _aPA 595.705 P75
902 _aM
905 _a5232201997 AN 5000000000 06
910 _a1997
942 _cPARA
942 _cPARA
_d1
999 _c208500
_d208500